00523nam a2200169Ia 4500003000900000008004100009040001600050080002900066110003300095245008700128260005000215300000800265500001900273650002200292650001800314650002100332IN-BaIIA211028s9999 xx 000 0 eng d cIIA Library a083.7:621.882.082.6bISI aIndian Standards Institution 0aIndian standard basic dimensions for knuckle threadscIndian Standards Institution aNew DelhibIndian Standards Institutionc1968 a6p. aIS 4695 : 1968 a Knuckle Threads a Standards  aNASA Thesaurus